Missing Word: Apocalypse Now Cast Quiz Stats

Quiz Updated Sep 2, 2015

Challenge
Share
Tweet
Embed
Score 0/20 Timer 04:00
0 Plays Today
Hint Answer % Correct
Marlon BrandoNamed
98.8%
Robert DuvallSeconds
98.4%
Robert DuvallTrue
98.2%
Dennis HopperWithout
98.1%
Dennis HopperCool
97.3%
Robert DuvallMockingbird
97.3%
Marlon BrandoDolls
96.6%
Robert DuvallPart
95.6%
Martin SheenStreet
92.6%
Dennis HopperRider
86.9%
Hint Answer % Correct
Martin SheenAmazing
86.3%
Dennis HopperBlue
85.3%
Marlon BrandoWaterfront
82.7%
Marlon BrandoIsland
79.8%
Martin SheenAmerican
66.6%
Robert DuvallJack
64.4%
Martin SheenZone
55.2%
Martin SheenConduct
36.2%
Marlon BrandoWild
24.2%
Dennis HopperDead
24.1%

Today's Daily Dose

You're not logged in!

Compare scores with friends on all Sporcle quizzes.
Sign Up with Email
OR
Log In

You Might Also Like...

Show Comments

Extras

Top Quizzes Today


Score Distribution

Your Account Isn't Verified!

In order to create a playlist on Sporcle, you need to verify the email address you used during registration. Go to your Sporcle Settings to finish the process.